00390pab a2200121 454500008004000000100001400040245014400054260000900198300001000207362001400217650001800231773001900249180718b1983 xxu||||| |||| 00| 0 eng d aLewis, C. aConsider the present use of police manpower including civilian staff and suggest ways in which all resources could be used more effectively c1983 a19-29 aJan.-Mar. aPolice - U.K. aPolice Journal